Loading...
| History - Other History | 2 | 2 | 0 | 0 | 50 | 20 | 53.00 | 2 | 3 |
| Fine Arts - Auditory Fine Arts | 0 | 3 | 0 | 0 | 30 | 93 | 103.67 | 0 | 3 |
| Geography | 0 | 3 | 0 | 3 | 30 | 124 | 137.00 | 0 | 1 |
| History - World History | 2 | 1 | 2 | 0 | 30 | 61 | 68.33 | 1 | 3 |
| Social Science | 1 | 0 | 0 | 0 | 15 | 12 | 12.00 | 1 | 1 |
| Religion | 1 | 0 | 1 | 0 | 10 | 34 | 34.00 | 1 | 1 |
| History - American History | 0 | 1 | 0 | 1 | 10 | 133 | 133.00 | 0 | 1 |
| Science - Other Science | 0 | 1 | 0 | 1 | 10 | 132 | 132.00 | 0 | 1 |
| Mythology | 0 | 1 | 0 | 0 | 10 | 95 | 95.00 | 0 | 1 |
| Other Academic | 0 | 1 | 0 | 0 | 10 | 112 | 112.00 | 0 | 1 |
| Philosophy | 0 | 1 | 0 | 0 | 10 | 78 | 78.00 | 0 | 1 |
| History - European History | 0 | 1 | 1 | 0 | 5 | 74 | 74.00 | 0 | 1 |
| Literature - European Literature | 0 | 0 | 1 | 0 | -5 | 0.00 | 0 | 0 | |
| Fine Arts - Other Fine Arts | 0 | 0 | 2 | 0 | -10 | 0.00 | 0 | 0 |